Η εξέλιξη της απασχόλησης και των εργασιακών σχέσεων στην Ελλάδα : από τη δεκαετία του 1970 εως σήμερα
Αποθηκεύτηκε σε:
| Κύριος συγγραφέας: | |
|---|---|
| Μορφή: | Βιβλίο |
| Γλώσσα: | Greek |
| Δημοσίευση: |
Αθήνα :
Κέντρο Προγραμματισμού και Οικονομικών Ερευνών,
1996
|
| Σειρά: | Εργασίες για συζήτηση = Discussion papers ;
; 56 |
| Θέματα: | |
| Ετικέτες: |
Προσθήκη ετικέτας
Δεν υπάρχουν, Καταχωρήστε ετικέτα πρώτοι!
|
MARC
| LEADER | 00000cam a2200000 i 4500 | ||
|---|---|---|---|
| 001 | 1/8752 | ||
| 008 | 961120s1996 gr | ||| |||| ||gre|| | ||
| 035 | |l 10017220 | ||
| 040 | |a GR-MY-UA |b gre |e aacr | ||
| 041 | 0 | |a gre | |
| 082 | 0 | |a 331.12509495 | |
| 100 | 1 | |a Κατσανέβας, Θόδωρος Κ., |d 1947- | |
| 245 | 1 | 2 | |a Η εξέλιξη της απασχόλησης και των εργασιακών σχέσεων στην Ελλάδα : |b από τη δεκαετία του 1970 εως σήμερα / |c Θόδωρος Κατσανέβας |
| 260 | |a Αθήνα : |b Κέντρο Προγραμματισμού και Οικονομικών Ερευνών, |c 1996 | ||
| 300 | |a 116 σ. |b πίν., σχήματα | ||
| 490 | 1 | |a Εργασίες για συζήτηση |v ; 56 | |
| 500 | |a Βιβλιογραφία: σ. 109-116 | ||
| 650 | 0 | 0 | |a Employment |z Greece. |
| 650 | 0 | 0 | |a Labor |z Greece. |
| 650 | 0 | 0 | |a Working class |z Greece. |
| 830 | 0 | |a Εργασίες για συζήτηση = Discussion papers ; |v ; 56 | |
| 852 | |a INST |b LESVOS |e 19961120 |h 331.12509495 ΚΑΤ |p 005100012436 |q 005100012436 |t BK |y 0 | ||
| 909 | |a Λ |b 048975 | ||
| 922 | |a ΔΩΡΕΑ |b 199611 | ||
| 970 | |z 2000/05/ΟΙΚΟΝΟΜΟΠΟΥΛΟΥ ΧΡΙΣΤΙΝΑ | ||